Statistiques concernant 7 Perso - 1 Pts Commun - Harry Potter #9

Cliquez ici pour prendre le quiz!

Statistiques générales

  • Ce quiz a été pris 324 fois
  • Le résultat moyen est 4 sur 7

Statistiques - réponses

Personnages% Correct
Harry Potter
90%
Cedric Diggory
77%
Ginny Weasley
68%
Drago MAlefoy
46%
Viktor Krum
39%
Attrapeurs Quidditch
32%
Charlie Weasley
11%

Distribution des résultats

Percentile par nombre de réponses

% des personnes avec chaque résultat

Votre développement - résultats

Vous n’avez pas pris ce quiz